<?xml version="1.0" encoding="UTF-8"?>
<record
    xmlns:xsi="http://www.w3.org/2001/XMLSchema-instance"
    xsi:schemaLocation="http://www.loc.gov/MARC21/slim http://www.loc.gov/standards/marcxml/schema/MARC21slim.xsd"
    xmlns="http://www.loc.gov/MARC21/slim">

  <leader>00951nam a2200253Ia 4500</leader>
  <controlfield tag="003">OSt</controlfield>
  <controlfield tag="005">20221005113103.0</controlfield>
  <controlfield tag="006">a|||||r|||| 00| 0 </controlfield>
  <controlfield tag="007">ta</controlfield>
  <controlfield tag="008">221004b        |||||||| |||| 00| 0 pan d</controlfield>
  <datafield tag="020" ind1=" " ind2=" ">
    <subfield code="a">81876542358 (hbk)</subfield>
    <subfield code="c">490</subfield>
  </datafield>
  <datafield tag="024" ind1=" " ind2=" ">
    <subfield code="a">2104</subfield>
  </datafield>
  <datafield tag="037" ind1=" " ind2=" ">
    <subfield code="b">190, 04/01/2013, Orange Books International</subfield>
    <subfield code="c">Textual</subfield>
  </datafield>
  <datafield tag="040" ind1=" " ind2=" ">
    <subfield code="a">CRL</subfield>
    <subfield code="c">CRL</subfield>
    <subfield code="b">pan</subfield>
  </datafield>
  <datafield tag="041" ind1=" " ind2=" ">
    <subfield code="2">pan</subfield>
    <subfield code="a">pan</subfield>
  </datafield>
  <datafield tag="082" ind1=" " ind2=" ">
    <subfield code="a">Q8441xK70, 153Q2</subfield>
  </datafield>
  <datafield tag="100" ind1=" " ind2=" ">
    <subfield code="a">&#xA38;&#xA3E;&#xA17;&#xA42;, &#xA39;&#xA30;&#xA2C;&#xA70;&#xA38; &#xA15;&#xA4C;&#xA30;, &#xA25;&#xA26;.</subfield>
  </datafield>
  <datafield tag="245" ind1=" " ind2="0">
    <subfield code="a">&#xA2C;&#xA3E;&#xA2C;&#xA3E; &#xA2C;&#xA70;&#xA26;&#xA3E; &#xA38;&#xA3F;&#xA70;&#xA18; &#xA2C;&#xA39;&#xA3E;&#xA26;&#xA30; &#xA1C;&#xA40;&#xA35;&#xA28; &#xA24;&#xA47; &#xA2A;&#xA4D;&#xA30;&#xA3E;&#xA2A;&#xA24;&#xA40;&#xA06;&#xA02;</subfield>
  </datafield>
  <datafield tag="260" ind1=" " ind2=" ">
    <subfield code="a">&#xA26;&#xA3F;&#xA71;&#xA32;&#xA40;</subfield>
    <subfield code="b">&#xA2E;&#xA28;&#xA2A;&#xA4D;&#xA30;&#xA40;&#xA24; &#xA2A;&#xA4D;&#xA30;&#xA15;&#xA3E;F&#xA28; &#xA2D;&#xA3E;&#xA30;&#xA24;      </subfield>
    <subfield code="c">2012</subfield>
  </datafield>
  <datafield tag="300" ind1=" " ind2=" ">
    <subfield code="a">319&#xA2A;&#xA70;</subfield>
    <subfield code="c">cm.</subfield>
  </datafield>
  <datafield tag="650" ind1=" " ind2=" ">
    <subfield code="a">&#xA27;&#xA30;&#xA2E;</subfield>
  </datafield>
  <datafield tag="942" ind1=" " ind2=" ">
    <subfield code="h">Q8441xK70, 153Q2</subfield>
    <subfield code="c">TEXL</subfield>
    <subfield code="2">cc</subfield>
  </datafield>
  <datafield tag="999" ind1=" " ind2=" ">
    <subfield code="c">1026999</subfield>
    <subfield code="d">1026999</subfield>
  </datafield>
  <datafield tag="952" ind1=" " ind2=" ">
    <subfield code="0">0</subfield>
    <subfield code="1">0</subfield>
    <subfield code="4">0</subfield>
    <subfield code="7">0</subfield>
    <subfield code="a">CRL</subfield>
    <subfield code="b">CRL</subfield>
    <subfield code="d">2022-10-05</subfield>
    <subfield code="e">190, 04/01/2013, Orange Books International</subfield>
    <subfield code="g">490.00</subfield>
    <subfield code="l">0</subfield>
    <subfield code="o">Q8441xK70 153Q2</subfield>
    <subfield code="p">CL1563144</subfield>
    <subfield code="r">2022-10-05 00:00:00</subfield>
    <subfield code="v">490.00</subfield>
    <subfield code="w">2022-10-05</subfield>
    <subfield code="y">TEXL</subfield>
  </datafield>
</record>
